Bazar de canciones populares
Gespeichert in:
| Weitere Verfasser: | |
|---|---|
| Format: | Buch |
| Sprache: | Spanisch |
| Erschienen: |
Barcelona :
Vicente Ferrer,
1945
|
| Katalog: | MANES: Suchergebnis im Bibliothekskatalog |
| Schulbuchspezifische Eigenschaften: |
|
| Schriftenreihe: | Bazar de Canciones
1 |
| Schlagworte: | |
| Tags: |
Tag hinzufügen
Keine Tags, Fügen Sie den ersten Tag hinzu!
|
| Hinzugefügt zu: | 09.02.2019 |
| Geändert in: | 07.05.2025 |
MARC
| LEADER | 00000cam a2200000 4500 | ||
|---|---|---|---|
| 005 | 20250507134542.0 | ||
| 008 | 190210S1945 0esp 0000 10spa0d | ||
| 040 | |a uned |b spa |c entro-manes | ||
| 041 | 0 | |a spa | |
| 245 | 0 | 0 | |a Bazar de canciones populares |c selección, Angel Lacalle ; ilustraciones de Guillermo Sanchís |
| 260 | |a Barcelona : |b Vicente Ferrer, |c 1945 | ||
| 300 | |a 96 p. : |b il. | ||
| 440 | 0 | 0 | |a Bazar de Canciones |v 1 |9 7748 |
| 546 | |a España | ||
| 561 | |5 es-BUNED |3 L.T. 1855 |a España. Fondo Manes UNED |k MANES | ||
| 650 | 7 | |a Cancioneros |9 37903 | |
| 700 | 1 | 0 | |a Lacalle, Angel |
| 942 | |2 ddc |c BK | ||
| 999 | |c 97064 |d 97064 | ||
| 999 | |c manes:97064 |d 97064 | ||